All the other mothers hate me (Record no. 5034)

MARC details
000 -CABECERA
campo de control de longitud fija 01759nam a22002537a 4500
008 - DATOS DE LONGITUD FIJA--INFORMACIÓN GENERAL
campo de control de longitud fija 251013b |||||||| |||| 00| 0 eng d
020 ## - NÚMERO INTERNACIONAL ESTÁNDAR DEL LIBRO
Número Internacional Estándar del Libro 9780008698003
040 ## - FUENTE DE LA CATALOGACIÓN
Centro/agencia transcriptor tbs
041 ## - CÓDIGO DE LENGUA
Código de lengua del texto/banda sonora o título independiente eng
050 ## - SIGNATURA TOPOGRÁFICA DE LA BIBLIOTECA DEL CONGRESO
Número de clasificación PS3608.A4477
Número de documento/Ítem A78 2025
100 ## - ENTRADA PRINCIPAL--NOMBRE DE PERSONA
Nombre de persona Harman, Sarah
9 (RLIN) 26119
Término indicativo de función/relación author
245 ## - MENCIÓN DE TÍTULO
Título All the other mothers hate me
Mención de responsabilidad, etc. / Sarah Harman.
260 ## - PUBLICACIÓN, DISTRIBUCIÓN, ETC.
Lugar de publicación, distribución, etc. London,
Nombre del editor, distribuidor, etc. HarperCollins Publishers,
Fecha de publicación, distribución, etc. 2025.
300 ## - DESCRIPCIÓN FÍSICA
Extensión 314 pages ;
Dimensiones 23 cm.
520 ## - SUMARIO, ETC.
Sumario, etc. Maybe having a few enemies on the school run means you're doing something right…<br/><br/>Florence knows all about failure. After a dismal end to her 2000s girlband career, she’s moping around West London, single, broke and unfulfilled. The only things she’s proud of are her increasingly elaborate nail art choices – and her ten-year-old son, Dylan.<br/><br/>But when Alfie Risby, Dylan's bitter class rival and the child heir to a frozen foods empire, mysteriously vanishes on a school trip, Dylan becomes a prime suspect. Florence has to get her act together, find the missing boy and clear her son’s name or risk losing him forever. The only problem? She doesn’t have any detective skills, she’s not exactly popular at the school gates and she’s just found Alfie’s backpack hidden under Dylan’s bed…<br/><br/>All the Other Mothers Hate Me is an irresistibly witty novel about fitting in, starting over and the lengths we’ll go to for the people we love.
650 #0 - PUNTO DE ACCESO ADICIONAL DE MATERIA--TÉRMINO DE MATERIA
Término de materia o nombre geográfico como elemento de entrada Bullies
Subdivisión de forma Fiction
9 (RLIN) 26120
650 #0 - PUNTO DE ACCESO ADICIONAL DE MATERIA--TÉRMINO DE MATERIA
Término de materia o nombre geográfico como elemento de entrada Missing children
Subdivisión de forma Fiction
9 (RLIN) 23688
650 #0 - PUNTO DE ACCESO ADICIONAL DE MATERIA--TÉRMINO DE MATERIA
Término de materia o nombre geográfico como elemento de entrada Missing persons
Subdivisión general Investigation
Subdivisión de forma Fiction
9 (RLIN) 25609
650 #0 - PUNTO DE ACCESO ADICIONAL DE MATERIA--TÉRMINO DE MATERIA
Término de materia o nombre geográfico como elemento de entrada Mothers and sons
Subdivisión de forma Fiction
9 (RLIN) 24082
650 #0 - PUNTO DE ACCESO ADICIONAL DE MATERIA--TÉRMINO DE MATERIA
Término de materia o nombre geográfico como elemento de entrada Single mothers
Subdivisión de forma Fiction
9 (RLIN) 25097
651 #0 - PUNTO DE ACCESO ADICIONAL DE MATERIA--NOMBRE GEOGRÁFICO
Nombre geográfico London (England)
Subdivisión de forma Fiction
9 (RLIN) 24106
655 #0 - TÉRMINO DE INDIZACIÓN--GÉNERO/FORMA
Datos o término principal de género/forma Thrillers (Fiction)
9 (RLIN) 22669
942 ## - ELEMENTOS DE ENTRADA AGREGADA (KOHA)
Fuente del sistema de clasificación o colocación Clasificación de Library of Congress
Holdings
Estado de retiro Estado de pérdida Fuente del sistema de clasificación o colocación Estado dañado No para préstamo Biblioteca de origen Biblioteca actual Fecha de adquisición Total de préstamos Signatura topográfica completa Código de barras Fecha visto por última vez Número de copia Precio válido a partir de Tipo de ítem Koha
    Clasificación de Library of Congress     TBS Barcelona TBS Barcelona 13/10/2025   P-EN HAR B07676 13/10/2025 1 13/10/2025 Book

Powered by Koha